000 00760nam a2200289Ia 4500
005 20260324121145.0
008 008 260324s9999 xx 000 0 eng d
020 _a9780203366929
037 _aEBOOK
040 _aCRL
040 _beng
040 _cCRL
041 _2eng
041 _aeng
084 _qCRL
100 _aKenneth S. Goodman; Yetta M. Goodman
_91161415
245 0 _aMaking Sense of Learners Making Sense of Written Language
245 4 _bThe Selected Works of Kenneth S. Goodman and Yetta M. Goodman
260 _bTaylor and Francis
260 _c2014
365 _a
365 _b265
856 _uhttp://www.taylorfrancis.com/books/9780203366929
942 _cEBOOK
999 _c1753342
_d1753342